| 000 | 01238nam a2200301Ia 4500 | ||
|---|---|---|---|
| 001 | ebr10088430 | ||
| 003 | CaPaEBR | ||
| 006 | m u | ||
| 007 | cr cn||||||||| | ||
| 008 | 050928s2005 onc se 000 0 eng d | ||
| 020 | _z0889204365 | ||
| 040 |
_aCaPaEBR _cCaPaEBR |
||
| 035 | _a(OCoLC)78683172 | ||
| 050 | 1 | 4 |
_aHV12 _b.C36 2005eb |
| 245 | 0 | 0 |
_aCanadian encyclopedia of social work _h[electronic resource] / _cFrancis J. Turner, editor. |
| 246 | 1 | 4 | _aEncyclopedia of Canadian social work |
| 260 |
_aWaterloo, ON : _bWilfrid Laurier University Press, _cc2005. |
||
| 300 | _axxi, 447 p. | ||
| 500 | _aCover title: Encyclopedia of Canadian social work. | ||
| 504 | _aIncludes bibliographical references. | ||
| 533 |
_aElectronic reproduction. _bPalo Alto, Calif. : _cebrary, _d2005. _nAvailable via World Wide Web. _nAccess may be limited to ebrary affiliated libraries. |
||
| 650 | 0 |
_aSocial service _zCanada _vEncyclopedias. |
|
| 650 | 0 |
_aSocial workers _zCanada. |
|
| 655 | 7 |
_aElectronic books. _2local |
|
| 700 | 1 |
_aTurner, Francis J. _q(Francis Joseph) |
|
| 710 | 2 | _aebrary, Inc. | |
| 856 | 4 | 0 |
_uhttp://site.ebrary.com/lib/rucke/Doc?id=10088430 _zAn electronic book accessible through the World Wide Web; click to view |
| 999 |
_c68504 _d68504 |
||